University Home | Library Home | Institutional Repository

L'organisation actuelle des transports au Congo Belge / (Record no. 61220)

MARC details
000 -LEADER
fixed length control field 00817cam8a220022900 4500
001 - CONTROL NUMBER
control field qcf00664204
005 - DATE AND TIME OF LATEST TRANSACTION
control field 20190815095503.0
008 - FIXED-LENGTH DATA ELEMENTS--GENERAL INFORMATION
fixed length control field 840211s1930 be abf 000 0 fre d
035 ## - SYSTEM CONTROL NUMBER
System control number (Sirsi) r118776
035 ## - SYSTEM CONTROL NUMBER
System control number (QCAT)lss04010931
035 ## - SYSTEM CONTROL NUMBER
System control number (UPRA)qcf00664204
040 ## - CATALOGING SOURCE
Modifying agency UPRA
043 ## - GEOGRAPHIC AREA CODE
Geographic area code f-cg---
100 1# - MAIN ENTRY--PERSONAL NAME
Personal name Soyer, Victor.
Linkage A84060.1
245 12 - TITLE STATEMENT
Title L'organisation actuelle des transports au Congo Belge /
Statement of responsibility, etc. [Texte de Victor Soyer].
260 ## - PUBLICATION, DISTRIBUTION, ETC.
Place of publication, distribution, etc. Bruxelles :
Name of publisher, distributor, etc. Comite permanent de coordination des transports au Congo,
Date of publication, distribution, etc. 1930.
500 ## - GENERAL NOTE
General note Author from colophon.
650 #0 - SUBJECT ADDED ENTRY--TOPICAL TERM
Topical term or geographic name entry element Transportation -- Zaire.
Geographic subdivision Transportation -- Zaire.
Linkage S60568.1
710 2# - ADDED ENTRY--CORPORATE NAME
Corporate name or jurisdiction name as entry element Comite permanent de coordination des transports au Congo.
Linkage A84061.1
949 ## - LOCAL PROCESSING INFORMATION (OCLC)
a HE286.7
w lcc
i -171010
m MAIN
t BOOK
l ON-SHELF

No items available.

© 2026 - The University of Zambia Library - Koha v25.11